<?xml version="1.0" encoding="UTF-8"?>
<collection xmlns="http://www.loc.gov/MARC21/slim">
 <record>
  <leader>00760pamaa2200241   4500</leader>
  <controlfield tag="001">0000041396</controlfield>
  <controlfield tag="005">20090608090000.0</controlfield>
  <controlfield tag="008">070131         nyu                 eng</controlfield>
  <datafield tag="020" ind1="0" ind2="0">
   <subfield code="a">1556229135 (pbk) </subfield>
  </datafield>
  <datafield tag="090" ind1="0" ind2="0">
   <subfield code="a">QA76.76.C672 </subfield>
   <subfield code="b">LUN 2003</subfield>
  </datafield>
  <datafield tag="100" ind1="1" ind2="0">
   <subfield code="a">LUNA </subfield>
  </datafield>
  <datafield tag="245" ind1="1" ind2="0">
   <subfield code="a">Introduction to 3D game programming with DirectX 9.0  </subfield>
   <subfield code="c">Frank D. Luna; </subfield>
   <subfield code="f">technical review by Rod Lopez.</subfield>
  </datafield>
  <datafield tag="260" ind1="0" ind2="0">
   <subfield code="a">Plano, Texas: </subfield>
   <subfield code="b">Wordware Pub, </subfield>
   <subfield code="c">2003.</subfield>
  </datafield>
  <datafield tag="300" ind1=" " ind2=" ">
   <subfield code="a">xxvi, 388 p: </subfield>
   <subfield code="b">ill.; </subfield>
   <subfield code="c">23 cm.</subfield>
  </datafield>
  <datafield tag="440" ind1="0" ind2="0">
   <subfield code="a">Wordware game and graphics library</subfield>
  </datafield>
  <datafield tag="504" ind1="0" ind2="0">
   <subfield code="a">Includes bibliographical references (p. 377-378) and index</subfield>
  </datafield>
  <datafield tag="650" ind1="0" ind2="0">
   <subfield code="a">DirectX </subfield>
  </datafield>
  <datafield tag="650" ind1="0" ind2="0">
   <subfield code="a">Computer games -- </subfield>
   <subfield code="x">Programming </subfield>
  </datafield>
  <datafield tag="700" ind1="1" ind2="1">
   <subfield code="a">Lopez, </subfield>
   <subfield code="h">Rod </subfield>
  </datafield>
  <datafield tag="901" ind1=" " ind2=" ">
   <subfield code="u">http://www.wordware.com</subfield>
  </datafield>
 </record>
</collection>
